00884nam a2200253 a 450000100060000000300080000600500170001400800410003103500190007204000270009104100080011808200260012610000300015224500580018225000130024026000540025330000210030750000460032850000490037465000350042394200120045899900170047095201430048747391BD-RjUL20211209054315.0160808s1952 enk 000 0 eng d a(BD-RjUL)47510 aNDDcNDDdBD-RjULbeng aeng 223bREG 1952a370.1931 aReeves, Marjorie.914415710aGrowing up in a modern society /cby Marjorie Reeves  a3rd. ed. aLondon :bUniversity of London press ltd. ,c1952 a126 p. ;c19 cm. aHalf-title: Educational issues of to-day. a"First printed, 1946. Second edition, 1949." 0aEducational sociology.9144158 2ddccBK c47391d47391 00102ddc40708NFICaRUCLbRUCLcStackd1955-09-22eB. H. Blackwellg6.00l0o370.193 REG 1952r2016-08-08 00:00:00tC-2w2016-08-08yBK